00769 a2200229 450000500170000000800410001702000180005804000550007604100080013110000250013924500570016424600600022126000650028130000570034649000270040350000210043065000170045165000090046865000220047765000230049970000170052220140903174927.0130927s2010 enkado gr|||| 001 0 eng d a9780600614999 aCO-BoUCMbspacJose A. GerenadAldemar Mondragón00aeng1 aHenderson, Veronique10aColor me confidentcVeronique Henderson, Pat henshaw24aColor me confidentbchange your look, change your life! c2006bHamlynbOctopus Publishing GroupaLondres (Inglaterra) a208 páginasbilustraciones, cuadros, fotografías awith colourmebeautiful aIncluye índice 7aIndumentaria 7aModa 7aPrendas de vestir 7aTeoría del color1 aHenshaw, Pat